MARC details
| 000 -CABECERA |
| campo de control de longitud fija |
01816nam a2200289 4500 |
| 003 - IDENTIFICADOR DEL NÚMERO DE CONTROL |
| campo de control |
EC-UNACH |
| 005 - FECHA Y HORA DE LA ÚLTIMA TRANSACCIÓN |
| campo de control |
20250930144159.0 |
| 006 - CÓDIGOS DE INFORMACIÓN DE LONGITUD FIJA--CARACTERÍSTICAS DEL MATERIAL ADICIONAL |
| campo de control de longitud fija |
s||||gr|||| 00| 00 |
| 008 - DATOS DE LONGITUD FIJA--INFORMACIÓN GENERAL |
| campo de control de longitud fija |
150116t9999 mx r gr 000 0 spa d |
| 020 ## - NÚMERO INTERNACIONAL ESTÁNDAR DEL LIBRO |
| Número Internacional Estándar del Libro |
978-1-4031-4663-2 |
| 040 ## - FUENTE DE LA CATALOGACIÓN |
| Centro catalogador/agencia de origen |
EC-UNACH |
| Centro/agencia transcriptor |
EC-UNACH |
| 041 ## - CÓDIGO DE LENGUA |
| Código de lengua del texto/banda sonora o título independiente |
spa |
| 082 04 - NÚMERO DE LA CLASIFICACIÓN DECIMAL DEWEY |
| Número de edición |
23 |
| Número de clasificación |
299.936 |
| Número de documento/Ítem |
L018302 |
| 100 ## - ENTRADA PRINCIPAL--NOMBRE DE PERSONA |
| Nombre de persona |
L. RONALD HUBBARD |
| 245 ## - MENCIÓN DE TÍTULO |
| Título |
Scientology los fundamentos del pensamiento el libro básico de la teoría y la práctica scientology |
| 250 ## - MENCIÓN DE EDICIÓN |
| Mención de edición |
Primera Edición |
| 264 ## - Producción, publicación, distribución, fabricación y copyright |
| Lugar de producción, publicación, distribución, fabricación |
Estados Unidos |
| Nombre del de productor, editor, distribuidor, fabricante |
BRIDGE PUBLICATIONS |
| Fecha de de producción, publicación, distribución, fabricación o copyright |
2007 |
| 300 ## - DESCRIPCIÓN FÍSICA |
| Extensión |
243 páginas |
| 505 ## - NOTA DE CONTENIDO CON FORMATO |
| Nota de contenido con formato |
Designado por L. Ronald Hubbard como el Libro Uno de Scientology. Tras haber unificado y sistematizado completamente los temas de Dianética y Scientology, llegó el perfeccionamiento de sus fundamentos. Publicado originalmente como un resumen de Scientology para su uso en traducciones a lenguas distintas del inglés, este libro es de valor incalculable tanto para el estudiante nuevo de la mente, el espíritu y la vida, como para el avanzado. Equipado sólo con este libro, uno puede comenzar una consulta y producir aparentes milagros y cambios en los estados de bienestar, capacidad e inteligencia de la gente. Contiene las Condiciones de la Existencia, las Ocho Dinámicas, el Triángulo de ARC, las Partes del Hombre, el análisis completo de la vida como un juego, y más, incluyendo procesos exactos para la aplicación de estos principios en el procesamiento. Aquí, entonces, en un libro, está el punto de partida para llevar Scientology a la gente en todas partes.<br/> |
| 650 ## - PUNTO DE ACCESO ADICIONAL DE MATERIA--TÉRMINO DE MATERIA |
| Término de materia o nombre geográfico como elemento inicial |
CIENCIOLOGÍA |
| 650 ## - PUNTO DE ACCESO ADICIONAL DE MATERIA--TÉRMINO DE MATERIA |
| Término de materia o nombre geográfico como elemento inicial |
DIANÉTICA |
| 650 ## - PUNTO DE ACCESO ADICIONAL DE MATERIA--TÉRMINO DE MATERIA |
| Término de materia o nombre geográfico como elemento inicial |
ÉTICA |
| 942 ## - ELEMENTOS DE PUNTO DE ACCESO ADICIONAL (KOHA) |
| Fuente del sistema de clasificación o colocación |
Clasificación Decimal Dewey |
| Tipo de ítem Koha |
Libros |
| 999 ## - NÚMEROS DE CONTROL DE SISTEMA (KOHA) |
| Koha biblionumber |
13960 |